FAO agricultural services bulletin; N.136 Silk reeling and testing manual

Αποθηκεύτηκε σε:
Λεπτομέρειες βιβλιογραφικής εγγραφής
Κύριος συγγραφέας: Yong-woo Lee
Μορφή: Βιβλίο
Γλώσσα:Undetermined
Έκδοση: Rome FAO 1999
Θέματα:
Ετικέτες: Προσθήκη ετικέτας
Δεν υπάρχουν, Καταχωρήστε ετικέτα πρώτοι!
Thư viện lưu trữ: Trung tâm Học liệu Trường Đại học Cần Thơ
LEADER 00533nam a2200193Ia 4500
001 CTU_35150
008 210402s9999 xx 000 0 und d
082 |a 630 
082 |b F218/N136 
100 |a Yong-woo Lee 
245 0 |a FAO agricultural services bulletin; N.136 
245 0 |b Silk reeling and testing manual 
245 0 |c Yong-woo Lee, FAO 
260 |a Rome 
260 |b FAO 
260 |c 1999 
650 |a silk 
904 |i Nguyễn Quang Điền, 000221 
980 |a Trung tâm Học liệu Trường Đại học Cần Thơ